000 00689nam a2200229 a 4500
001 000022066
003 DO-SdBNP
005 20240229073927.0
007 ta
008 100916s1986 dr 000 0 spa d
040 _aDO-SdBNP
_bspa
_cBNPHU
082 _axxx
_bJ61f
100 1 _aJiménez Grullón, Juan J.
_945716
245 1 3 _aLa filosofía de José Martí /
_cJuan J. Jiménez Grullón ; prólogo León David.
260 _aSanto Domingo :
_bEditorial Santo Domingo,
_c1986.
300 _a217 p. ;
_c22 cm.
500 _aIncluye notas al pie de páginas
590 _aInventariado, 2022 / DG
700 1 _aLeón David
_d1945-
_epról.
_984930
910 _aDG
942 _2ddc
_cLBS1
999 _c21564
_d21564